00701nam a2200205Ia 4500003000900000008004100009020001800050040001600068080002200084110003800106245010400144260003500248300001100283650004100294650002000335650002000355942000700375999001500382952009800397IN-BaIIA211028s9999 xx 000 0 eng d a0-08-020566-6 cIIA Library a063:523.34bLSI-1 aThe Lunar Science Institute99450 0aMineralogical and Petrological Studiesbvol. 1cThe Lunar Science Institute  aNew YorkbPergamon Pressc1975 a1202p. aAstronomy and Astrophysics Thesaurus aMineralogy9183 aPetrology99451 cBK c5435d5435 00104070aBANbBANcGENd1977-04-25l0o063:523.34/ LSI-1p6074r2021-11-05w1977-04-25yBK